Methods of multivariate analysis
Salvato in:
| Autore principale: | |
|---|---|
| Natura: | Libro |
| Lingua: | inglese |
| Pubblicazione: |
Nueva York
Wiley
1995
|
| Serie: | Wiley Series in Probability and mathematical Statistics
|
| Soggetti: | |
| Tags: |
Aggiungi Tag
Nessun Tag, puoi essere il primo ad aggiungerne!!
|
MARC
| LEADER | 00000nam a2200000 a 4500 | ||
|---|---|---|---|
| 001 | UCQ3484 | ||
| 003 | CL-VaPUC | ||
| 008 | 980821e19950000US |||||||||||||||||eng|d | ||
| 082 | 0 | 4 | |a 519.5 |b REN |2 21 |
| 100 | 0 | |a Rencher, Alvin C |e author |9 417681 | |
| 245 | 1 | 0 | |a Methods of multivariate analysis |
| 300 | |a 627 p | ||
| 942 | |c BK | ||
| 945 | |d 19980821 00:00:00 |a mvenant | ||
| 260 | |a Nueva York |b Wiley |c 1995 | ||
| 500 | |a Incluye 1 diskette | ||
| 650 | 0 | |a Análisis multivariable |9 346260 | |
| 650 | 0 | |a Análisis de factores |9 417679 | |
| 650 | 0 | |a Análisis de varianza |9 336938 | |
| 650 | 0 | |a Estadísticas |9 258644 | |
| 583 | |a last modification |c 19980821 00:00:00 |k Rodrigo Vera | ||
| 490 | 0 | |a Wiley Series in Probability and mathematical Statistics | |
| 999 | |c 274056 |d 274054 | ||
| 952 | |0 0 |1 0 |4 0 |6 519_500000000000000_REN_1995 |7 0 |8 A |9 310110 |a BIBGIM |b BIBGIM |d 2019-11-20 |i 3456064 |o 519.5 REN 1995 |p 3456064 |r 2025-01-15 |w 2019-11-20 |y BK |k EST | ||
| 952 | |0 0 |1 0 |4 0 |6 519_500000000000000_REN_1995 |7 0 |8 A |9 310111 |a BIBGIM |b BIBGIM |d 2019-11-20 |i 3773434 |o 519.5 REN 1995 |p 3773434 |r 2025-01-15 |w 2019-11-20 |y BK |k EST | ||